000
00224nam a2200109Ia 4500
100
_a
#N/A
942
_c
BK
654
_a
market research
245
_a
Successful Marketing for Executives
260
_b
#N/A
546
_a
ENGLISH
999
_c
21349
_d
21349